000 00799nam a2200253Ia 4500
003 OSt
005 20220926020329.0
006 a|||||r|||| 00| 0
007 ta
008 220923b |||||||| |||| 00| 0 eng d
020 _a9780415803083
_c2471.3899999999999
037 _b865, 20/02/2014, Pranami Book Service
_cGeneral Book
040 _aRTL
_cRTL
_beng
041 _2eng
_aeng
082 _aY38:582, P5
100 _aKHAN Nyla Ali
_9297978
245 0 _aFiction of nationality in an era of transnationalism.
260 _aNew York
_bRoutledge
_c2005
300 _avii,132p.
_ccm.
500 _aBibliography: Chpterwise
650 _aSociology
942 _hY38:582, P5
_cGB
_2CC
999 _c634001
_d634001